Animal farm : (Record no. 33345)
[ view plain ]
| 000 -LEADER | |
|---|---|
| fixed length control field | 00938cam a22002893a 4500 |
| 001 - CONTROL NUMBER | |
| control field | 16409733 |
| 003 - CONTROL NUMBER IDENTIFIER | |
| control field | OSt |
| 005 - DATE AND TIME OF LATEST TRANSACTION | |
| control field | 20140310184248.0 |
| 008 - FIXED-LENGTH DATA ELEMENTS--GENERAL INFORMATION | |
| fixed length control field | 960429t19961946nyu 000 1 eng d |
| 010 ## - LIBRARY OF CONGRESS CONTROL NUMBER | |
| LC control number | 97815303 |
| 020 ## - INTERNATIONAL STANDARD BOOK NUMBER | |
| International Standard Book Number | 0451526341 (pbk.) : |
| Terms of availability | $5.95 |
| 035 ## - SYSTEM CONTROL NUMBER | |
| System control number | (OCoLC)ocm34645200 |
| 040 ## - CATALOGING SOURCE | |
| Original cataloging agency | OCO |
| Transcribing agency | OCO |
| Modifying agency | SVP |
| -- | NRM |
| -- | OCL |
| -- | DLC |
| 050 00 - LIBRARY OF CONGRESS CALL NUMBER | |
| Classification number | PR 6029.R8 |
| Item number | .Or79 1946 |
| 100 1# - MAIN ENTRY--PERSONAL NAME | |
| Personal name | Orwell, George, |
| Dates associated with a name | 1903-1950. |
| 9 (RLIN) | 27594 |
| 245 10 - TITLE STATEMENT | |
| Title | Animal farm : |
| Remainder of title | a fairy story / |
| Statement of responsibility, etc | by George Orwell ; preface by Russell Baker ; introduction by C.M. Woodhouse. |
| 260 ## - PUBLICATION, DISTRIBUTION, ETC. (IMPRINT) | |
| Place of publication, distribution, etc | New York, NY : |
| Name of publisher, distributor, etc | Signet Classic, |
| Date of publication, distribution, etc | [1996] |
| 300 ## - PHYSICAL DESCRIPTION | |
| Extent | 140 p. ; |
| Dimensions | 18 cm. |
| 521 ## - TARGET AUDIENCE NOTE | |
| Target audience note | |
| 526 ## - STUDY PROGRAM INFORMATION NOTE | |
| Reading level | 1170 |
| 650 #0 - SUBJECT ADDED ENTRY--TOPICAL TERM | |
| Topical term or geographic name as entry element | Totalitarianism |
| Form subdivision | Fiction. |
| 9 (RLIN) | 27595 |
| 710 2# - ADDED ENTRY--CORPORATE NAME | |
| Corporate name or jurisdiction name as entry element | Copyright Paperback Collection (Library of Congress) |
| Institution to which field applies | DLC |
| 9 (RLIN) | 705 |
| 906 ## - LOCAL DATA ELEMENT F, LDF (RLIN) | |
| a | 7 |
| b | cbc |
| c | copycat |
| d | 2 |
| e | ncip |
| f | 19 |
| g | y-genrareb |
| 942 ## - ADDED ENTRY ELEMENTS (KOHA) | |
| Source of classification or shelving scheme | Library of Congress Classification |
| Koha item type | |
| Withdrawn status | Lost status | Source of classification or shelving scheme | Damaged status | Home library | Current library | Shelving location | Date acquired | Total Checkouts | Full call number | Barcode | Date last seen | Date checked out | Copy number | Price effective from | Koha item type |
|---|---|---|---|---|---|---|---|---|---|---|---|---|---|---|---|
| Library of Congress Classification | Luxembourg Library | Luxembourg Library | Scholastic Reading Center Section | 04/21/2012 | 1 | PR 6029.R8 .Or79 1946 | LEX0406 | 12/02/2019 | 11/04/2019 | 1 | 01/30/2014 | Books | |||
| Library of Congress Classification | Luxembourg Library | Luxembourg Library | Scholastic Reading Center Section | 10/10/2013 | 1 | PR 6029.R8 .Or79 1946 | LEX2236 | 11/07/2017 | 10/13/2017 | 2 | 10/10/2013 | Books | |||
| Library of Congress Classification | Luxembourg Library | Luxembourg Library | Scholastic Reading Center Section | 10/10/2013 | 1 | PR 6029.R8 .Or79 1946 | LEX0578 | 10/13/2017 | 10/13/2017 | 3 | 01/30/2014 | Books |